Top 500 Joueur De Foot - Statistiques

Statistiques générales
  • Ce quiz a été pris 168 fois
  • Le résultat moyen est 43 sur 444
Statistiques - réponses
Hint Réponse % Correct
Lionel Messi Lionel Messi
74%
Cristiano Ronaldo Cristiano Ronaldo
68%
Ronaldo Ronaldo
66%
Kylian Mbappe Kylian Mbappe
41%
Pelé Pelé
40%
Zinédine Zidane Zinédine Zidane
31%
Ronaldinho Ronaldinho
28%
London Donovan London Donovan
25%
Cafu Cafu
24%
Kaka Kaka
24%
Marcelo Marcelo
24%
Neymar Jr Neymar Jr
24%
Rivaldo Rivaldo
24%
Antoine Griezmann Antoine Griezmann
23%
Roberto Carlos Roberto Carlos
23%
Dida Dida
22%
Karim Benzema Karim Benzema
21%
Rodri Rodri
21%
Steven Gerrard Steven Gerrard
21%
Vinicius Jr Vinicius Jr
21%
Luka Modric Luka Modric
20%
Marquinhos Marquinhos
20%
Robinho Robinho
20%
Thiago Thiago
20%
Casemiro Casemiro
19%
Eder Militao Eder Militao
19%
Ederson Ederson
19%
Fabinho Fabinho
19%
George Weah George Weah
19%
Hulk Hulk
19%
Juninho Juninho
19%
Michel Platini Michel Platini
19%
Ousmane Dembélé Ousmane Dembélé
19%
Paul Pogba Paul Pogba
19%
Thiago Silva Thiago Silva
19%
Xavi Xavi
19%
David Luiz David Luiz
18%
Didi Didi
18%
Frank Lampard Frank Lampard
18%
Julio Cesar Julio Cesar
18%
Romario Romario
18%
Socrates Socrates
18%
Alisson Becker Alisson Becker
17%
Andres Iniesta Andres Iniesta
17%
Fernandinho Fernandinho
17%
Hugo Lloris Hugo Lloris
17%
Manuel Neuer Manuel Neuer
17%
Olivier Giroud Olivier Giroud
17%
Richarlisson Richarlisson
17%
Adil Rami Adil Rami
16%
Alexis Sanchez Alexis Sanchez
16%
Arturo Vidal Arturo Vidal
16%
Clint Dempsey Clint Dempsey
16%
Dani Alves Dani Alves
16%
David Beckham David Beckham
16%
Didier Deschamps Didier Deschamps
16%
Diego Maradona Diego Maradona
16%
Emerson Emerson
16%
Garrincha Garrincha
16%
James Rodriguez James Rodriguez
16%
Luis Figo Luis Figo
16%
Marco Van Basten Marco Van Basten
16%
Nani Nani
16%
Ngolo Kanté Ngolo Kanté
16%
Paolo Maldini Paolo Maldini
16%
Pauleta Pauleta
16%
Pépé Pépé
16%
Thierry Henry Thierry Henry
16%
Zé Roberto Zé Roberto
16%
Zico Zico
16%
Ashley Cole Ashley Cole
15%
Déco Déco
15%
Gianluigi Buffon Gianluigi Buffon
15%
Memphis Depay Memphis Depay
15%
Michael Owen Michael Owen
15%
Wayne Rooney Wayne Rooney
15%
Angel Di Maria Angel Di Maria
14%
Blaise Matuidi Blaise Matuidi
14%
Carles Puyol Carles Puyol
14%
Dante Dante
14%
Didier Drogba Didier Drogba
14%
Eusebio Eusebio
14%
Gerard Piqué Gerard Piqué
14%
Hugo Sanchez Hugo Sanchez
14%
Iker Casillas Iker Casillas
14%
Jean-Pierre Papin Jean-Pierre Papin
14%
Juan Cuadrado Juan Cuadrado
14%
Kevin De Bruyne Kevin De Bruyne
14%
Lautaro Martinez Lautaro Martinez
14%
Lilian Thuram Lilian Thuram
14%
Luis Suarez Luis Suarez
14%
Paolo Dybala Paolo Dybala
14%
Pedri Pedri
14%
Raul Raul
14%
Sadio Mané Sadio Mané
14%
Sergio Ramos Sergio Ramos
14%
Virgil Van Dijk Virgil Van Dijk
14%
Adrien Rabiot Adrien Rabiot
13%
Alvaro Morata Alvaro Morata
13%
Arjen Robben Arjen Robben
13%
Bixente Lizarazu Bixente Lizarazu
13%
David Villa David Villa
13%
Dimitri Payet Dimitri Payet
13%
Eden Hazard Eden Hazard
13%
Edinson Cavani Edinson Cavani
13%
Erling Haaland Erling Haaland
13%
Fabien Barthez Fabien Barthez
13%
Fernando Torres Fernando Torres
13%
Frenkie De Jong Frenkie De Jong
13%
Harry Kane Harry Kane
13%
Joao Felix Joao Felix
13%
Laurent Blanc Laurent Blanc
13%
Maxwell Maxwell
13%
Mohamed Salah Mohamed Salah
13%
Philippe Coutinho Philippe Coutinho
13%
Robin Van Persie Robin Van Persie
13%
Samuel Eto’o Samuel Eto’o
13%
Sergio Aguero Sergio Aguero
13%
Thibault Courtois Thibault Courtois
13%
Zlatan Ibrahimovic Zlatan Ibrahimovic
13%
Andrea Pirlo Andrea Pirlo
12%
Aurélien Tchouameni Aurélien Tchouameni
12%
Bernardo Silva Bernardo Silva
12%
Bruno Fernandes Bruno Fernandes
12%
David De Gea David De Gea
12%
David Trezeguet David Trezeguet
12%
Edwin Van Der Sar Edwin Van Der Sar
12%
Frank Leboeuf Frank Leboeuf
12%
Frank Ribéry Frank Ribéry
12%
Gareth Bale Gareth Bale
12%
Gianluigi Donnaruma Gianluigi Donnaruma
12%
Gonzalo Higuain Gonzalo Higuain
12%
Javier Mascherano Javier Mascherano
12%
Johan Cruyff Johan Cruyff
12%
Just Fontaine Just Fontaine
12%
Kingsley Coman Kingsley Coman
12%
Lucas Paqueta Lucas Paqueta
12%
Lucio Lucio
12%
Marcel Desailly Marcel Desailly
12%
Matthijs De Ligt Matthijs De Ligt
12%
Patrick Vieira Patrick Vieira
12%
Rafael Leao Rafael Leao
12%
Rui Patricio Rui Patricio
12%
Ruud Van Nistelrooy Ruud Van Nistelrooy
12%
Steve Mandanda Steve Mandanda
12%
Thomas Muller Thomas Muller
12%
Achraf Hakimi Achraf Hakimi
11%
Adriano Adriano
11%
Antony Antony
11%
Bastian Schweinsteiger Bastian Schweinsteiger
11%
Claude Makélélé Claude Makélélé
11%
David Alaba David Alaba
11%
Diego Forlan Diego Forlan
11%
Édouard Mendy Édouard Mendy
11%
Eduardo Camavinga Eduardo Camavinga
11%
Emanuel Petit Emanuel Petit
11%
Eric Cantona Eric Cantona
11%
Fabio Cannavaro Fabio Cannavaro
11%
Francesco Totti Francesco Totti
11%
Gary Cahill Gary Cahill
11%
Gerson Gerson
11%
Heung-Min Son Heung-Min Son
11%
Isco Isco
11%
Ivan Perisic Ivan Perisic
11%
Ivan Rakitic Ivan Rakitic
11%
Jérôme Boateng Jérôme Boateng
11%
Joao Cancelo Joao Cancelo
11%
Jordi Alba Jordi Alba
11%
Jorginho Jorginho
11%
Julian Alvarez Julian Alvarez
11%
Kyle Walker Kyle Walker
11%
Leroy Sané Leroy Sané
11%
Luis Hernandez Luis Hernandez
11%
Marc-Andre Ter Stegen Marc-Andre Ter Stegen
11%
Mesut Ozil Mesut Ozil
11%
Miroslav Klose Miroslav Klose
11%
Nicolas Otamendi Nicolas Otamendi
11%
Patrice Evra Patrice Evra
11%
Paul Scholes Paul Scholes
11%
Phil Foden Phil Foden
11%
Philipp Lahm Philipp Lahm
11%
Presnel Kimpembe Presnel Kimpembe
11%
Rafael Varane Rafael Varane
11%
Rafa Marquez Rafa Marquez
11%
Rahem Sterling Rahem Sterling
11%
Ricardo Quaresma Ricardo Quaresma
11%
Robbie Keane Robbie Keane
11%
Robert Lewandowski Robert Lewandowski
11%
Roberto Baggio Roberto Baggio
11%
Roberto Firmino Roberto Firmino
11%
Romelu Lukaku Romelu Lukaku
11%
Ruben Dias Ruben Dias
11%
Ruud Gullit Ruud Gullit
11%
Serge Gnabry Serge Gnabry
11%
Sergio Busquets Sergio Busquets
11%
Théo Hernandez Théo Hernandez
11%
Trent Alexander-Arnold Trent Alexander-Arnold
11%
William Carvalho William Carvalho
11%
Xabi Alonso Xabi Alonso
11%
Youri Djorkaeff Youri Djorkaeff
11%
Antonio Rudiger Antonio Rudiger
10%
Carlos Alberto Carlos Alberto
10%
Clarence Seedorf Clarence Seedorf
10%
Dani Carvajal Dani Carvajal
10%
Diego Costa Diego Costa
10%
Ciro Immobile Ciro Immobile
10%
Edin Dzeko Edin Dzeko
10%
Eric Abidal Eric Abidal
10%
Ethan Mbappe Ethan Mbappe
10%
Giorgio Chiellini Giorgio Chiellini
10%
Jude Bellingham Jude Bellingham
10%
Marcus Rashford Marcus Rashford
10%
Raul Albiol Raul Albiol
10%
Raymond Kopa Raymond Kopa
10%
Robert Pirès Robert Pirès
10%
Alessandro Del Piero Alessandro Del Piero
9%
Andriy Shevchenko Andriy Shevchenko
9%
David Ginola David Ginola
9%
Ferenc Puskas Ferenc Puskas
9%
Filippo Inzaghi Filippo Inzaghi
9%
Franz Beckenbauer Franz Beckenbauer
9%
Gerd Muller Gerd Muller
9%
John Terry John Terry
9%
Joshua Kimmich Joshua Kimmich
9%
Juan Mata Juan Mata
9%
Leonardo Bonucci Leonardo Bonucci
9%
Maicon Maicon
9%
Marco Verrati Marco Verrati
9%
Mario Gomez Mario Gomez
9%
Mario Gotze Mario Gotze
9%
Pavel Nedved Pavel Nedved
9%
Pep Guardiola Pep Guardiola
9%
Radamel Falcao Radamel Falcao
9%
Ramires Ramires
9%
Ryan Giggs Ryan Giggs
9%
Toni Kroos Toni Kroos
9%
Victor Valdes Victor Valdes
9%
Yaya Touré Yaya Touré
9%
Alfredo Di Stefano Alfredo Di Stefano
8%
Aymeric Laporte Aymeric Laporte
8%
Bebeto Bebeto
8%
Claudio Pizarro Claudio Pizarro
8%
Ivan Cordoba Ivan Cordoba
8%
Marius Trésor Marcus Tresor
8%
Martin Odegaard Martin Odegaard
8%
Tostao Tostao
8%
Zito Zito
8%
Careca Careca
7%
Dennis Bergkamp Dennis Bergkamp
7%
Douglas Costa Douglas Costa
7%
Dunga Dunga
7%
Gavi Gavi
7%
Gilmar Gilmar
7%
Jairzinho Jairzinho
7%
James Milner James Milner
7%
Rivellino Rivellino
7%
Sidney Govou Sidney Govou
7%
Vava Vava
7%
Alan Shearer Alan Shearer
6%
Carlos Tevez Carlos Tevez
6%
Cesar Chiesa Cesar Chiesa
6%
Cody Gakpo Cody Gakpo
6%
Dayot Upamecano Dayot Upamecano
6%
Gary Neville Gary Neville
6%
Georginio Wijnaldum Georginio Wijnaldum
6%
Ilkay Gundogan Ilkay Gundogan
6%
Kai Havertz Kai Havertz
6%
Kolarov Kolarov
6%
Lamine Yamal Lamine Yamal
6%
Lorenzo Insigne Lorenzo Insigne
6%
Maniche Maniche
6%
Marco Reus Marco Reus
6%
Michael Ballack Michael Ballack
6%
Michael Carrick Michael Carrick
6%
Nilton Santos Nilton Santos
6%
Nuno Gomes Nuno Gomes
6%
Patrick Kluivert Patrick Kluivert
6%
Peter Crouch Peter Crouch
6%
Ricken Ricken
6%
Ronald Koeman Ronald Koeman
6%
Ryhad Marhez Ryhad Marhez
6%
Simao Simao
6%
Wesley Sneijder Wesley Sneijder
6%
Zizinho Zizinho
6%
Alessandro Nesta Alessandro Nesta
5%
Bobby Charlton Bobby Charlton
5%
Bobby Moore Bobby Moore
5%
Dirk Kuyt Dirk Kuyt
5%
Edgar Davids Edgar Davids
5%
Endrick Endrick
5%
Frank De Boer Frank De Boer
5%
Frank Rijkaard Frank Rijkaard
5%
Gary Lineker Gary Lineker
5%
Gordon Banks Gordon Banks
5%
Ian Wright Ian Wright
5%
Jimmy Greaves Jimmy Greaves
5%
Joe Cole Joe Cole
5%
Josef Bican Josef Bican
5%
Kevin Keegan Kevin Keegan
5%
Mats Hummels Mats Hummels
5%
Moussa Sissoko Moussa Sissoko
5%
Omar Sivori Omar Sivori
5%
Ricardo Carvalho Ricardo Carvalho
5%
Stanley Matthews Stanley Matthews
5%
Tom Finney Tom Finney
5%
Abedi Pelé Abedi Pelé
4%
Allan Simonsen Allan Simonsen
4%
André Silva André Silva
4%
Arthur Friedenreich Arthur Friedenreich
4%
Bernd Schuster Bernd Schuster
4%
Berti Vogts Berti Vogts
4%
Carlos Valderrama Carlos Valderrama
4%
Christopher Nkunku Christopher Nkunku
4%
Claudio Caniggia Claudio Caniggia
4%
Daniel Passarella Daniel Passarella
4%
David Silva David Silva
4%
Denis Law Denis Law
4%
Diego Godin Diego Godin
4%
Diego Milito Diego Milito
4%
El-Hadji Diouf El-Hadji Diouf
4%
Elias Figueroa Elias Figueroa
4%
Enzo Fernandez Enzo Fernandez
4%
Enzo Francescoli Enzo Francescoli
4%
Ferland Mendy Ferland Mendy
4%
Frederico Valverde Frederico Valverde
4%
Gabriel Batistuta Gabriel Batistuta
4%
Gennaro Gattuso Gennaro Gattuso
4%
Gianfranco Zola Gianfranco Zola
4%
Gunnar Nordahl Gunnar Nordahl
4%
Gunter Netzer Gunter Netzer
4%
Harry Kewell Harry Kewell
4%
Hector Castro Hector Castro
4%
Hector Scarone Hector Scarone
4%
Hernan Crespo Hernan Crespo
4%
Hidetoshi Nakata Hidetoshi Nakata
4%
Igor Belanov Igor Belanov
4%
Jamal Musiala Jamal Musiala
4%
Javier Zanetti Javier Zanetti
4%
Jay Jay Okocha Jay Jay Okocha
4%
Jens Lehmann Jens Lehmann
4%
Joaquin Joaquin
4%
Johan Neeskens Johan Neeskens
4%
Josef Masopust Josef Masopust
4%
Jose Leandro Andrade Jose Leandro Andrade
4%
Jose Manuel Moreno José Manuel Moreno
4%
Juan Alberto Schiaffino Juan Alberto Schiaffino
4%
Juan Roman Riquelime Juan Roman Riquelime
4%
Juan Veron Juan Veron
4%
Kalidou Koulibaly Kalidou Koulibaly
4%
Laszlo Kubala Laszlo Kubala
4%
Ledley King Ledley King
4%
Lothar Matthaus Lothar Matthaus
4%
Marc Overmars Marc Overmars
4%
Mario Coluna Mario Coluna
4%
Mario Kempes Mario Kempes
4%
Mark Van Bommel Mark Van Bommel
4%
Mateo Kovacic Mateo Kovacic
4%
Matthias Sindelar Matthias Sindelar
4%
Maxi Rodriguez Maxi Rodriguez
4%
Michael Essien Michael Essien
4%
Nandor Hidegkuti Nandor Hidegkuti
4%
Nwankwo Kanu Nwankwo Kanu
4%
Olivier Kahn Olivier Kahn
4%
Oscar Miguez Oscar Miguez
4%
Osvaldo Ardiles Osvaldo Ardiles
4%
Paco Gento Paco Gento
4%
Paolo Futre Paolo Futre
4%
Park Ji-Sung Park Ji-Sung
4%
Paul Breitner Paul Breitner
4%
Paulo Futre Paulo Futre
4%
Peter Schmeichel Peter Schmeichel
4%
Petr Cech Petr Cech
4%
Pierre-Emerick Aubameyang Pierre-Emerick Aubameyang
4%
Rabah Madjer Rabah Madjer
4%
Rinat Dasaev Rinat Dasaev
4%
Robbie Fowler Robbie Fowler
4%
Rodrigo De Paul Rodrigo De Paul
4%
Roger Milla Roger Milla
4%
Roy Keane Roy Keane
4%
Rui Costa Rui Costa
4%
Saeed Al-Owairan Saeed Al-Owairan
4%
Salif Keita Salif Keita
4%
Sami Al-Jaber Sami Al-Jaber
4%
Teofilo Cubillas Teofilo Cubillas
4%
Tim Cahill Tim Cahill
4%
Uwe Seeler Uwe Seeler
4%
Valentino Mazzola Valentino Mazzola
4%
Vincent Kompany Vincent Kompany
4%
Yan Oblak Yan Oblak
4%
Zbigniew Boniek Zbigniew Boniek
4%
Aleksandr Mostovoi Aleksandr Mostovoi
3%
Antonio Di Natale Antonio Di Natale
3%
Bukayo Saka Bukayo Saka
3%
Christian Vieri Christian Vieri
3%
Claudio Marchisio Claudio Marchisio
3%
Daniele De Rossi Daniele De Rossi
3%
Davor Suker Davor Suker
3%
Dino Zoff Dino Zoff
3%
Ebi Smolarek Ebi Smolarek
3%
Fernando Hierro Fernando Hierro
3%
Fernando Morientes Fernando Morientes
3%
Franco Baresi Franco Baresi
3%
Fritz Walter Fritz Walter
3%
George Best George Best
3%
Gheorghe Hagi Gheorghe Hagi
3%
Gianluca Zambrotta Gianluca Zambrotta
3%
Gianni Rivera Gianni Rivera
3%
Giuseppe Maezza Giuseppe Maezza
3%
Hans-Dieter Flick Hans-Dieter Flick
3%
Hristo Stoickhov Hristo Stoickhov
3%
Ian Rush Ian Rush
3%
Jack Butland Jack Butland
3%
Jari Litmanen Jari Litmanen
3%
Jerzy Dudek Jerzy Dudek
3%
Joan Capdevilla Joan Capdevilla
3%
Jordan Henderson Jordan Henderson
3%
Jorge Campos Jorge Campos
3%
Jurgen Klinsmann Jurgen Klinsmann
3%
Jurgen Kohler Jurgen Kohler
3%
Karl-Heinz Rummenigge Karl-Heinz Rummenigge
3%
Kenny Daglish Kenny Daglish
3%
Klaas-Juan Huntelaar Klaas-Jan Huntelaar
3%
Lars Ricken Lars Ricken
3%
Leon Goretzka Leon Goretzka
3%
Lev Yashin Lev Yashin
3%
Luigi Riva Luigi Riva
3%
Michael Laudrup Michael Laudrup
3%
Nemanja Vidic Nemanja Vidic
3%
Oleg Blokhine Oleg Blokhine
3%
Ole Solskjaer Ole Solskjaer
3%
Olivier Bierhoff Olivier Bierhoff
3%
Paolo Rossi Paolo Rossi
3%
Rio Ferdinand Rio Ferdinand
3%
Rudi Voller Rudi Voller
3%
Sepp Maier Sepp Maier
3%
Silvio Piola Silvio Piola
3%
Sol Campbell Sol Campbell
3%
Stefan El Shaawary Stefan El Shaawary
3%
Tomas Brolin Tomas Brolin
3%
Wojciech Szczesny Wojciech Szczesny
3%
Cesc Frabrecas Cesc Fabrecas
1%
Fredrick Ljungberg Fedrick Ljungberg
0%
Omar Sivori Omar Sivari
0%
Ubaldo Fillol Ubaldo Filloli
0%
Aucun quiz correspondant
Distribution des résultats
% des personnes avec chaque résultat
Percentile par nombre de réponses
Votre historique - résultats
Vous n’avez pas pris ce quiz